La platería en el mensaje del arte virreinal (Registro nro. 277)

Detalles MARC
000 -Cabecera
Campo de control interno 00683nam a2200205Ia 4500
005 - Fecha y hora del registro
control field 20251203123023.0
008 - Elementos de Longitud Fija
fixed length control field 251203t2006||||xx |||||||||||||| ||spa||
041 ## - Idioma
Codigo Idioma ESP
082 ## - DEWEY y NOTACIÓN INTERNA
Dewey 739.230985
Notación Interna B22
110 ## - AUTOR INSTTITUCIONAL
Autor Institucional Banco de Crédito del Perú
245 #0 - TÍTULO DE MATERIAL BIBLIOGRÁFICO
Título La platería en el mensaje del arte virreinal
Título paralelo
260 ## - CIUDAD, EDITORIAL, AÑO
Ciudad [Lugar de publicación no identificado] :
Nombre de la Editorial Fondo Pro Recuperación del Patrimonio Cultural de la Nación del Banco de Crédito del Perú,
Año 2006
300 ## - DESCRIPCIÓN
N° Páginas 64 páginas :
Otros detalles fotografías ;
Dimensiones 26 cm.
Material Adicional
440 ## - MENCIÓN DE SERIE
Título de la Serie
Número de Serie
Volumen de Serie
650 ## - TEMAS
Temas Las Artes
653 ## - DESCRIPTORES
Lenguajes no controlado Platería - Perú; Arte virreinal - Perú
654 ## - PROGRAMAS
Programa Todos los programas
942 ## - ELEMENTOS DE KOHA
Tipo de documento Libro
Nombre del creador Justo Noguera
Código de catalogador Margarita Torres
Esquema de clasificación Dewey Decimal Classification
Suppress in OPAC
Existencias
Codigo completo Registro Colección Copia número Disponibilidad Tipo de préstamo Biblioteca Actual Procedencia (Biblioteca) Ubicacón Fecha Ingreso Tipo de Adquisición Date last seen Total checkouts Price effective from Tipo de Item Estado del Material Fuente de Clasificación Damaged status Withdrawn status
739.230985 B22 1085156 Colección Vera Bejar 1   Restringido Víctor Andrés Belaunde Víctor Andrés Belaunde Planta baja cerrada 03/12/2025 Donación 03/12/2025   03/12/2025 Libro Bueno Dewey Decimal Classification   Withdrawn